[Event "GRE-ch U16"]
[Site "Peristeri"]
[Date "2023.07.09"]
[Round "9"]
[White "Dogias, Christos"]
[Black "Alepoudeas, Stylianos"]
[Result "1-0"]
[WhiteElo "1955"]
[BlackElo "1654"]
[PlyCount "87"]
[EventDate "2023.07.03"]
[EventType "swiss"]
[EventRounds "9"]
[EventCountry "GRE"]
[SourceTitle "EXT 2024"]
[Source "ChessBase"]
[SourceDate "2023.10.10"]
[SourceVersion "1"]
[SourceVersionDate "2023.10.10"]
[SourceQuality "1"]

1. e4 c5 2. Nf3 e6 3. d4 cxd4 4. Nxd4 Nf6 5. Nc3 Nc6 6. Ndb5 d6 7. Bf4 e5 8. Bg5 a6 9. Na3 b5 10. Nd5 Be7 11. Bxf6 Bxf6 12. c3 Bg5 13. Nc2 Ne7 14. Ncb4 0-0 15. Nxe7+ Qxe7 16. a4 bxa4 17. Rxa4 a5 18. Bc4 Be6 19. Bd5 Bxd5 20. Qxd5 Qe6 21. 0-0 Qxd5 22. Nxd5 f5 23. Nc7 Rab8 24. Ne6 Bd8 25. Nxf8 Kxf8 26. b4 axb4 27. Rxb4 Rxb4 28. cxb4 fxe4 29. Re1 d5 30. Rd1 d4 31. Re1 d3 32. Kf1 d2 33. Rd1 Bg5 34. Ke2 Ke7 35. Rxd2 Bxd2 36. Kxd2 Kd6 37. Ke3 Kd5 38. g4 Kc4 39. Kxe4 Kxb4 40. Kxe5 Kc4 41. f4 Kd3 42. f5 h6 43. h4 Ke3 44. g5 1-0

[Event "GRE-ch U16"]
[Site "Peristeri"]
[Date "2023.07.08"]
[Round "8"]
[White "Alepoudeas, Stylianos"]
[Black "Dristellas, Neoklis"]
[Result "1-0"]
[WhiteElo "1654"]
[BlackElo "1753"]
[PlyCount "89"]
[EventDate "2023.07.03"]
[EventType "swiss"]
[EventRounds "9"]
[EventCountry "GRE"]
[SourceTitle "EXT 2024"]
[Source "ChessBase"]
[SourceDate "2023.10.10"]
[SourceVersion "1"]
[SourceVersionDate "2023.10.10"]
[SourceQuality "1"]

1. e4 c5 2. Nf3 Nc6 3. d4 cxd4 4. Nxd4 g6 5. c4 Nf6 6. Nc3 d6 7. Be2 Nxd4 8. Qxd4 Bg7 9. 0-0 0-0 10. Qd3 Nd7 11. f4 Nc5 12. Qe3 Bd7 13. e5 Ne6 14. f5 gxf5 15. Rxf5 dxe5 16. Qg3 f6 17. Rh5 Be8 18. Rh4 Bg6 19. Bh5 Qe8 20. Bxg6 hxg6 21. Rg4 g5 22. Qf3 f5 23. Rg3 e4 24. Qe2 Nd4 25. Qd1 Rd8 26. Nd5 g4 27. Be3 e5 28. Bg5 Rd7 29. h3 Qh5 30. Be7 Rf7 31. hxg4 Qg6 32. Bc5 f4 33. Rh3 f3 34. gxf3 exf3 35. Kf2 Qxg4 36. Rg3 Qh4 37. Qh1 Qe4 38. Rxg7+ Kxg7 39. Rg1+ Qg6 40. Rxg6+ Kxg6 41. Qg1+ Kf5 42. Ne3+ Ke6 43. Qg6+ Rf6 44. Qg8+ Rff7 45. Ng4 1-0

[Event "GRE-ch U16"]
[Site "Peristeri"]
[Date "2023.07.06"]
[Round "6"]
[White "Ziomas, Konstantinos Dimitr"]
[Black "Alepoudeas, Stylianos"]
[Result "1/2-1/2"]
[WhiteElo "1865"]
[BlackElo "1654"]
[PlyCount "70"]
[EventDate "2023.07.03"]
[EventType "swiss"]
[EventRounds "9"]
[EventCountry "GRE"]
[SourceTitle "EXT 2024"]
[Source "ChessBase"]
[SourceDate "2023.10.10"]
[SourceVersion "1"]
[SourceVersionDate "2023.10.10"]
[SourceQuality "1"]

1. d4 Nf6 2. Nf3 e6 3. Bg5 d5 4. Nbd2 c5 5. e3 Be7 6. c3 Nbd7 7. Bd3 Qc7 8. Qe2 c4 9. Bc2 b5 10. 0-0 0-0 11. Bf4 Bd6 12. Bxd6 Qxd6 13. e4 dxe4 14. Nxe4 Qf4 15. a4 Bb7 16. Nxf6+ Nxf6 17. axb5 Ng4 18. Qd2 Qd6 19. h3 Bxf3 20. hxg4 Bxg4 21. Qg5 Be2 22. Rfe1 f6 23. Qh4 Bd3 24. Bxd3 cxd3 25. Qe4 d2 26. Qxe6+ Qxe6 27. Rxe6 Rab8 28. c4 Rfc8 29. Rc6 Re8 30. Kf1 Re4 31. d5 Rbe8 32. Re6 R8xe6 33. dxe6 Rxc4 34. Rd1 Rc2 35. Ke2 Kf8 1/2-1/2

[Event "GRE-ch U16"]
[Site "Peristeri"]
[Date "2023.07.05"]
[Round "4"]
[White "Alepoudeas, Stylianos"]
[Black "Nteligiorgis, Georgios"]
[Result "1-0"]
[WhiteElo "1654"]
[BlackElo "1757"]
[PlyCount "45"]
[EventDate "2023.07.03"]
[EventType "swiss"]
[EventRounds "9"]
[EventCountry "GRE"]
[SourceTitle "EXT 2024"]
[Source "ChessBase"]
[SourceDate "2023.10.10"]
[SourceVersion "1"]
[SourceVersionDate "2023.10.10"]
[SourceQuality "1"]

1. e4 c5 2. Nf3 Nc6 3. d4 cxd4 4. Nxd4 e6 5. Nc3 Qc7 6. Be3 a6 7. g4 b5 8. Nxc6 Qxc6 9. Qd2 Bb7 10. 0-0-0 d6 11. Rg1 Nf6 12. g5 Nd7 13. f4 b4 14. Ne2 Qa4 15. Ng3 b3 16. cxb3 Qxa2 17. Bc4 Bc6 18. Kc2 Ba4 19. Qc3 Rc8 20. Ra1 Bxb3+ 21. Bxb3 Rxc3+ 22. Kxc3 Qxa1 23. Rxa1 1-0

[Event "GRE-ch U16"]
[Site "Peristeri"]
[Date "2023.07.03"]
[Round "1"]
[White "Poupalos, Nikolaos"]
[Black "Alepoudeas, Stylianos"]
[Result "1-0"]
[WhiteElo "2030"]
[BlackElo "1654"]
[PlyCount "57"]
[EventDate "2023.07.03"]
[EventType "swiss"]
[EventRounds "9"]
[EventCountry "GRE"]
[SourceTitle "EXT 2024"]
[Source "ChessBase"]
[SourceDate "2023.10.10"]
[SourceVersion "1"]
[SourceVersionDate "2023.10.10"]
[SourceQuality "1"]

1. e4 c5 2. Nf3 e6 3. d4 cxd4 4. Nxd4 Nf6 5. Nc3 Nc6 6. Nxc6 bxc6 7. e5 Nd5 8. Ne4 Qc7 9. f4 Qb6 10. c4 Bb4+ 11. Ke2 0-0 12. cxd5 cxd5 13. Be3 Qb8 14. Ng5 f6 15. exf6 Rxf6 16. Qc2 g6 17. Nf3 Bd6 18. Qc3 Rf5 19. g3 Bb7 20. Bd4 Qf8 21. Bh3 Ba6+ 22. Kd1 Rf7 23. Ne5 Re7 24. Rc1 Qh6 25. Bg4 g5 26. Qe3 gxf4 27. gxf4 Rf8 28. Rg1 Rg7 29. Nxd7 1-0

[Event "GRE-chT U16 14th"]
[Site "Rio Achaia"]
[Date "2022.12.16"]
[Round "3"]
[White "Alepoudeas, Stylianos"]
[Black "Chasapis, Christos"]
[Result "1-0"]
[WhiteElo "1558"]
[BlackElo "1206"]
[PlyCount "63"]
[EventDate "2022.12.15"]
[EventType "team-swiss"]
[EventRounds "6"]
[EventCountry "GRE"]
[SourceTitle "EXT 2024"]
[Source "ChessBase"]
[SourceDate "2023.10.10"]
[SourceVersion "1"]
[SourceVersionDate "2023.10.10"]
[SourceQuality "1"]

1. e4 c5 2. c3 d6 3. d4 cxd4 4. cxd4 g6 5. Be3 Bg7 6. Nf3 Nf6 7. Nc3 Bd7 8. Bc4 Nc6 9. 0-0 0-0 10. Qd2 Rc8 11. Bb3 Na5 12. e5 Ne8 13. Rfd1 Bg4 14. Qe2 Nxb3 15. axb3 a6 16. h3 Bd7 17. Bf4 Kh8 18. Rd2 Ra8 19. Re1 b5 20. Bg5 f6 21. exd6 e6 22. Bf4 Qb6 23. Ne4 g5 24. Nc5 Rd8 25. Nxd7 Rxd7 26. Qxe6 Rxd6 27. Bxd6 Nxd6 28. d5 Qd8 29. Rde2 h6 30. Nd4 Kh7 31. Nf5 Re8 32. Qxd6 1-0

[Event "GRE-chT U16 14th"]
[Site "Rio Achaia"]
[Date "2022.12.16"]
[Round "2"]
[White "Tsiligianni, Ioanna"]
[Black "Alepoudeas, Stylianos"]
[Result "0-1"]
[WhiteElo "1063"]
[BlackElo "1558"]
[PlyCount "98"]
[EventDate "2022.12.15"]
[EventType "team-swiss"]
[EventRounds "6"]
[EventCountry "GRE"]
[SourceTitle "EXT 2024"]
[Source "ChessBase"]
[SourceDate "2023.10.10"]
[SourceVersion "1"]
[SourceVersionDate "2023.10.10"]
[SourceQuality "1"]

1. e4 c5 2. Nf3 e6 3. d4 cxd4 4. Nxd4 Nf6 5. Nc3 Nc6 6. Be3 Bb4 7. Bd3 d5 8. f3 0-0 9. 0-0 Bc5 10. Nce2 Qb6 11. c3 e5 12. b4 Bxd4 13. Nxd4 exd4 14. cxd4 Qxb4 15. Rb1 Qe7 16. Bg5 Nxd4 17. Re1 Ne6 18. exd5 Qc5+ 19. Be3 Qxd5 20. Rb2 Nc5 21. Bxc5 Qxc5+ 22. Kh1 a6 23. Rc2 Qh5 24. Qc1 b6 25. Qe3 Bb7 26. Be2 Nd5 27. Qd2 Rfe8 28. Bf1 Rxe1 29. Qxe1 Nf4 30. Rc4 Ne6 31. Rh4 Qg6 32. Rg4 Qf6 33. Qf2 Rd8 34. h3 Nf4 35. Qg3 Rd1 36. Rxf4 Rxf1+ 37. Kh2 Qe5 38. Rg4 Qxg3+ 39. Kxg3 Kf8 40. Rd4 Ke7 41. Rc4 Bd5 42. Rc2 Ra1 43. Rb2 b5 44. Rc2 Kd6 45. Kf4 Rxa2 46. Rxa2 Bxa2 47. Ke3 Ke5 48. f4+ Kd5 49. Kd3 a5 0-1

[Event "GRE-ch U14"]
[Site "Thessaloniki"]
[Date "2022.08.19"]
[Round "2"]
[White "Giannopoulos, Vasileios"]
[Black "Alepoudeas, Stylianos"]
[Result "0-1"]
[WhiteElo "1425"]
[BlackElo "1445"]
[PlyCount "68"]
[EventDate "2022.08.18"]
[EventType "swiss"]
[EventRounds "9"]
[EventCountry "GRE"]
[SourceTitle "EXT 2024"]
[Source "ChessBase"]
[SourceDate "2023.10.10"]
[SourceVersion "1"]
[SourceVersionDate "2023.10.10"]
[SourceQuality "1"]

1. e4 c5 2. Nf3 e6 3. d4 cxd4 4. Nxd4 Nf6 5. Bd3 Nc6 6. Nxc6 bxc6 7. 0-0 d5 8. e5 Nd7 9. f4 Nc5 10. Nc3 Nxd3 11. cxd3 Be7 12. Rf3 d4 13. Ne4 f5 14. Ng5 h6 15. Rh3 g6 16. Nf3 Kf7 17. Bd2 c5 18. b3 Bb7 19. Qe2 Qd5 20. Rf1 Rag8 21. Rg3 Qd8 22. h4 Bxh4 23. Rh3 Be7 24. Kf2 g5 25. fxg5 hxg5 26. Rxh8 Rxh8 27. Ke1 g4 28. Ng1 Kg6 29. g3 Bg5 30. Bf4 Rh1 31. Qd2 Bxf4 32. Qxf4 Bg2 33. Kd1 Bxf1 34. Qxf1 Qd5 0-1

[Event "GRE-ch U14"]
[Site "Thessaloniki"]
[Date "2022.08.18"]
[Round "1"]
[White "Alepoudeas, Stylianos"]
[Black "Sampsonoglou, Dimitrios"]
[Result "1/2-1/2"]
[WhiteElo "1445"]
[BlackElo "1102"]
[PlyCount "68"]
[EventDate "2022.08.18"]
[EventType "swiss"]
[EventRounds "9"]
[EventCountry "GRE"]
[SourceTitle "EXT 2024"]
[Source "ChessBase"]
[SourceDate "2023.10.10"]
[SourceVersion "1"]
[SourceVersionDate "2023.10.10"]
[SourceQuality "1"]

1. e4 e5 2. Nf3 Nc6 3. d4 exd4 4. Nxd4 Bc5 5. Nb3 Bb6 6. Nc3 Nf6 7. Qe2 d6 8. Be3 Bxe3 9. Qxe3 Be6 10. 0-0-0 a6 11. f4 Qe7 12. Kb1 b5 13. Bd3 Na7 14. e5 dxe5 15. fxe5 Nd7 16. Be4 c6 17. Qg3 0-0 18. Rhe1 Rad8 19. Nd4 c5 20. Nxe6 Qxe6 21. Rd6 Qc4 22. Bd3 Qb4 23. Re4 Qa5 24. Rg4 g6 25. Bxg6 fxg6 26. Rgxg6+ Kh8 27. Rg7 Nxe5 28. Rxh7+ Kxh7 29. Qh4+ Kg8 30. Qg5+ Kf7 31. Qf6+ Kg8 32. Qg5+ Kf7 33. Qf6+ Kg8 34. Qg5+ Kf7 1/2-1/2

[Event "GRE-ch Schools Gym-B"]
[Site "Athen"]
[Date "2022.06.13"]
[Round "6"]
[White "Papadopoulou, Marilena"]
[Black "Alepoudeas, Stylianos"]
[Result "1-0"]
[WhiteElo "1374"]
[BlackElo "1383"]
[PlyCount "51"]
[EventDate "2022.06.12"]
[EventType "swiss"]
[EventRounds "9"]
[EventCountry "GRE"]
[SourceTitle "EXT 2023"]
[Source "ChessBase"]
[SourceDate "2022.10.05"]
[SourceVersion "1"]
[SourceVersionDate "2022.10.05"]
[SourceQuality "1"]

1. e4 c5 2. Nf3 e6 3. d4 cxd4 4. Nxd4 Nf6 5. Nc3 Nc6 6. Nxc6 bxc6 7. Bd3 d5 8. 0-0 Be7 9. Qe2 d4 10. Na4 e5 11. f4 Bd6 12. Bd2 0-0 13. b3 Bd7 14. Nb2 c5 15. Nc4 Qc7 16. f5 Bc6 17. g4 h6 18. h4 Rfe8 19. g5 hxg5 20. hxg5 Nd7 21. g6 Nf6 22. Bg5 Be7 23. Qh2 Kf8 24. Qh8+ Ng8 25. f6 gxf6 26. g7# 1-0

[Event "GRE-ch Online Blitz op 1st"]
[Site "Tornelo INT"]
[Date "2021.02.07"]
[Round "4"]
[White "Alepoudeas, Stylianos"]
[Black "Kyriakidis, Orestis"]
[Result "0-1"]
[WhiteElo "1033"]
[BlackElo "1258"]
[PlyCount "100"]
[EventDate "2021.02.07"]
[EventType "swiss (blitz)"]
[EventRounds "16"]
[EventCountry "GRE"]
[SourceTitle "EXT 2023"]
[Source "ChessBase"]
[SourceDate "2022.10.05"]
[SourceVersion "1"]
[SourceVersionDate "2022.10.05"]
[SourceQuality "1"]

1. e4 c5 2. c3 Nc6 3. d4 cxd4 4. cxd4 g6 5. Nf3 Bg7 6. Bb5 Qa5+ 7. Nc3 b6 8. Bxc6 dxc6 9. Qb3 e6 10. Bd2 Qa6 11. d5 cxd5 12. exd5 Ne7 13. Nb5 Nxd5 14. Qxd5 exd5 15. Nc7+ Kd7 16. Nxa6 Bxa6 17. Ng5 Rhe8+ 18. Be3 d4 19. Rd1 Kc7 20. Rc1+ Kb7 21. Nxf7 Bf8 22. Rd1 dxe3 23. Rd7+ Kc6 24. Rd1 exf2+ 25. Kxf2 Re2+ 26. Kf3 Rc2 27. b3 Be2+ 28. Kf2 Bxd1+ 29. Ke3 Bh5 30. Rd1 Rxa2 31. Rc1+ Kb7 32. Ne5 Re8 33. Kd4 Bg7 34. Re1 Bxe5+ 35. Rxe5 Rxe5 36. Kxe5 Rb2 37. b4 Rxb4 38. h3 a5 39. g4 Bxg4 40. hxg4 Rxg4 41. Kd5 h5 42. Ke5 a4 43. Kd5 a3 44. Ke5 a2 45. Kd5 a1Q 46. Kd6 Qd4+ 47. Ke7 Re4+ 48. Kf7 g5 49. Kg8 Re7 50. Kf8 Qd8# 0-1

[Event "GRE-ch Online Rapid op 1st"]
[Site "Tornelo INT"]
[Date "2021.02.06"]
[Round "2"]
[White "Alepoudeas, Stylianos"]
[Black "Kouvelakis, Konstantinos"]
[Result "0-1"]
[WhiteElo "1176"]
[BlackElo "1747"]
[PlyCount "76"]
[EventDate "2021.02.06"]
[EventType "swiss (rapid)"]
[EventRounds "8"]
[EventCountry "GRE"]
[SourceTitle "EXT 2023"]
[Source "ChessBase"]
[SourceDate "2022.10.05"]
[SourceVersion "1"]
[SourceVersionDate "2022.10.05"]
[SourceQuality "1"]

1. e4 c5 2. c3 e6 3. d4 d5 4. e5 Nc6 5. Nf3 Bd7 6. a3 c4 7. Be2 Na5 8. Nbd2 g6 9. b4 cxb3 10. Nxb3 Ba4 11. Bb5+ Bxb5 12. Nxa5 Qxa5 13. Rb1 Bh6 14. Qb3 Ba6 15. Ng5 Rc8 16. Qa2 Qxc3+ 17. Bd2 Qxd4 18. Nf3 Qe4+ 19. Be3 Bxe3 20. fxe3 Qxe3+ 21. Kd1 Qd3+ 22. Ke1 Rc2 23. Qxc2 Qxc2 24. Nd2 Qd3 25. Kd1 Qe2+ 26. Kc1 Qxe5 27. Rb2 Nf6 28. Rc2 0-0 29. Nf3 Qa1+ 30. Kd2 Qxh1 31. Ke3 Ng4+ 32. Kf4 h5 33. h3 Nh2 34. Rd2 Nxf3 35. gxf3 Qxh3 36. Ke3 Rc8 37. Kf2 Qh2+ 38. Ke1 Qg1# 0-1